Greek Roots Science - Statistics

General Stats
  • This quiz has been taken 13 times
  • The average score is 9 of 15
Answer Stats
Hint Answer % Correct
other Allo
88%
Pressure Baro
75%
Many Multi
75%
Thesis Statement
75%
coal Carb
63%
Homo same
63%
Scope See
63%
Dissolve Solv
63%
Basic Elem
50%
Neither Neutral
50%
Center Nuc
50%
Above Super
50%
Amphi around
38%
Prae before
38%
Polos Pivot
25%
No matching quizzes found
Score Distribution
Percent of People with Each Score
Percentile by Number Answered
Your Score History
You have not taken this quiz